00487nam a22001697a 450000500170000001000150001702000260003203500140005803700130007208200140008510000140009924500580011326000330017127000410020430000210024550000510026620200131111132.0 aENG-127582 a9788194006633c895.00 aEN-111114 bDBAD/PUB a355.00954 aShahi,R.C aHistory of Indian Army by R.C. Shahi /cby R.C. Shahi aNew Delhi bAkashdeep c2019 bNew Delhi a1/1079 E,Mehraulie11000 a236p.b22 cm(hb) ainclude Bibliographical references and index